| 000 | 00417nam a22001577a 4500 | ||
|---|---|---|---|
| 003 | OSt | ||
| 005 | 20150908170747.0 | ||
| 008 | 150908b xxu||||| |||| 00| 0 eng d | ||
| 040 | _cRUA | ||
| 082 | _aAGR ឡុញ 1993 BOOB Or.1 | ||
| 100 |
_9177 _aឡុញ សុខវួច |
||
| 245 | _aដាំណាំដំឡូងឈើ | ||
| 260 |
_aPhnom Phen _bRUA _c1993 |
||
| 300 |
_a72p. _bill. _c29cm. |
||
| 942 |
_2ddc _cAGR |
||
| 999 |
_c158 _d158 |
||